Online Catalogue and eLibrary

The ideology of work / (Record no. 309)

MARC details
000 -LEADER
fixed length control field 00519pam a2200205 a 4500
001 - CONTROL NUMBER
control field 3769110
005 - DATE AND TIME OF LATEST TRANSACTION
control field 20240206051008.0
008 - FIXED-LENGTH DATA ELEMENTS--GENERAL INFORMATION
fixed length control field 831012t19841977nyu b 001 0 eng
020 ## - INTERNATIONAL STANDARD BOOK NUMBER
ISBN 042276650X (pbk.)
040 ## - CATALOGING SOURCE (பட்டியலாக்க மூலம்)
Original cataloging agency DLC
Transcribing agency DLC
Modifying agency DLC
082 00 - DDC Classification
Class No. 306/.36
DDC Edition Number 19
Item Number - Author Mark PET.
100 1# - MAIN ENTRY--PERSONAL NAME
Personal name Anthony, Peter,
245 14 - TITLE STATEMENT
Title The ideology of work /
Statement of responsibility, etc. P.D. Anthony.
260 ## - PUBLICATION, DISTRIBUTION, ETC.
Place of publication, distribution, etc. New York, NY :
Name of publisher, distributor, etc. Tavistock,
Date of publication, distribution, etc. 1984, 1977.
300 ## - PHYSICAL DESCRIPTION
Extent (e.g. Volumes, Pages etc.) 340 p. ;
500 ## - GENERAL NOTE
General note Includes indexes.
650 #0 - SUBJECT ADDED ENTRY--TOPICAL TERM
Topical term or geographic name entry element Work ethic.
650 #0 - SUBJECT ADDED ENTRY--TOPICAL TERM
Topical term or geographic name entry element Work
942 ## - Koha item type (Biblio)
Koha item type Books in Stacks (Lending)
Holdings
Lost status Damaged status Collection code Home library Current library Date acquired Full call number Accession Number Item type
    Lending WERC Library WERC Library 02/06/2024 306/.36 PET. 2070 Books in Stacks (Lending)

© WERC Library